00791nam a22001817a 4500003000400000005001700004008004100021020001500062040000900077245017600086260009700262300001100359650005900370710005700429942001300486999001500499952009500514OSt20130620093827.0130528s1981 sp ||||| |||| 00| 0 cat d a8450051592 cCDMR10aGuia de la premsa local i comarcalb: Alt Penedès, Anoia, Bages, Baix Llobregat, Bercelonès, Berguedà, Garraf, Maresme, Osona, Vallès Occidental, Vallès Oriental aBarcelonabDepartament de Cultura i Mitjans de Comunicació. Generalitat de Catalunyac1981 a198 p.0493717aPremsa comarcalzCatalunyavManuals, guies, etc.2 93545aDirecció General de Mitjans de Comunicació 2udccMON c6336d6336 00104070aCDMRbCDMRd2013-01-16l0oDu 8/40pCDMR13056534Fr2013-05-28w2013-05-28yMON